| 000 | 00418nam a22001697a 4500 | ||
|---|---|---|---|
| 005 | 20190330112340.0 | ||
| 008 | 160623b xxu||||| |||| 00| 0 eng d | ||
| 020 | _a978-81-7722-744-4 | ||
| 041 | _aeng | ||
| 082 | _b621.3815 | ||
| 100 |
_aPrasad, Dr K.V.K.K. and Shyamala, Kattula _92619 |
||
| 245 | _aVLSI Design | ||
| 260 |
_bDreamtech _c2012 |
||
| 300 | _a274 | ||
| 650 |
_aDiploma Engineering _9817 |
||
| 942 | _cBK | ||
| 999 |
_c3738 _d3737 |
||